00651 2200277 4500001002100000008004100021035002000062245006300082100002500145250000600170260003000176300001200206084001400218082000800232650001300240990001200253990001200265990001200277990001200289990001200301990001200313990001200325990001200337990001200349990001200361INLIS000000000000686 ind  a0010-0424000662 aTeori - Teori Belajar & PembelajarancProf. Dr. Ratnawilis aProf. Dr. Ratnawilis a1 aJakarta :bErlanggac2011 a177 hlm a607 RAT t a607 aNonfiksi a0721812 a0721813 a0721814 a0721815 a0721816 a0721817 a0721818 a0721819 a0721820 a0721821